000
00295nam a22001337a 4500
020
_a
07-050860-7
082
_a
539.77 PRI'N
100
_a
PRICE, W.J
_9
75718
245
_a
NUCLEAR RADIATION DETECTION
250
_a
2ND
260
_a
NEWYORK
_b
MCGRAW HILL
_c
1964
300
_a
430P
942
_c
BK
999
_c
581111
_d
581111